| 000 | 00505nam a22001817a 4500 | ||
|---|---|---|---|
| 005 | 20240815121343.0 | ||
| 008 | 240815b |||||||| |||| 00| 0 eng d | ||
| 020 | _a9788131234587 | ||
| 082 |
_a612 _bSHA-T |
||
| 100 | _aShah Biren | ||
| 245 |
_aTextbook of Pharmacognosy & Phytochemistry / _cShah Biren , A.K Seth |
||
| 250 | _a2nd ed. | ||
| 260 |
_aUSA: _bjaypee: _c2014 |
||
| 300 |
_axxii,614p. _bill; _c27 cm. |
||
| 500 | _ainclude index . | ||
| 650 | _a Pharmacy / Pharmacognosy | ||
| 999 |
_c36409 _d36409 |
||